000 00689na a2200241 4500
001 18311
003 MIRAKIL
005 20181213154919.0
008 161116b tu 000 0
040 _aMilas
_btur
_cTR-AnCHP
041 _atur
082 _aCHP 320.956
_bT94g 2013
090 _aCHP 320.956 T94g 2013
100 _aTüteloğlu, Şükrü Yalnız
245 _aGeleceğiz
_bTürkiye siyasetinde solun yolu
246 _aTürkiye siyasetinde solun yolu
260 _aAnkara
_b[yayl.y.]
_c2013
300 _a144 s.
_c21 sm.
500 _aYapıt yazarından imzalıdır.
650 _aSol görüşler
_zTürkiye
650 _aSiyasal yaşam
_zTürkiye
942 _2ddc
_cBKS
999 _c3077
_d3077